| 000 | 00628nam a2200265Ia 4500 | ||
|---|---|---|---|
| 008 | 190123s9999 xx 000 0 und d | ||
| 020 | _a9780545232623 | ||
| 050 | _bW699 2008 | ||
| 100 | _aWillems, Mo | ||
| 245 | 0 | _aI love my new toy! / | |
| 245 | 0 | _cby Mo Willems. | |
| 260 | _aNew York, New York : | ||
| 260 | _bScholastic, | ||
| 260 | _c2008 | ||
| 300 | _a57 pages : | ||
| 300 | _bcolored illustrations ; | ||
| 300 | _c22cm. | ||
| 500 | _a10L | ||
| 650 | _aElephants. | ||
| 650 | _aEmotions. | ||
| 650 | _aFriendship. | ||
| 650 | _aPicture books for children. | ||
| 650 | _aSwine. | ||
| 700 | _aTitle. | ||
| 999 |
_c360988 _d360988 |
||